[Event "Online Olym Disabilities"]
[Site "Tornelo INT"]
[Date "2020.11.25"]
[Round "5.17"]
[White "Peligro, Israel"]
[Black "Ramirez Ramirez, Anderson"]
[Result "1/2-1/2"]
[WhiteElo "1539"]
[BlackElo "1542"]
[PlyCount "125"]
[EventDate "2020.11.21"]
[EventType "team-swiss (rapid)"]
[EventRounds "7"]
[EventCountry "NET"]
[SourceTitle "CBM 199 Extra"]
[Source "ChessBase"]
[SourceDate "2021.01.31"]
[SourceVersion "1"]
[SourceVersionDate "2021.01.31"]
[SourceQuality "1"]
[WhiteTeam "Philippines II"]
[BlackTeam "Colombia II"]
[WhiteTeamCountry "PHI"]
[BlackTeamCountry "COL"]

1. e4 c5 2. Nc3 Nc6 3. Bb5 g6 4. f4 Bg7 5. Bxc6 bxc6 6. d3 d5 7. Qe2 d4 8. Nb1 Nf6 9. h3 0-0 10. Nf3 Nh5 11. Qf2 Qa5+ 12. Nbd2 Nxf4 13. 0-0 Ne6 14. Nc4 Qc7 15. Bd2 Ba6 16. Na3 Rab8 17. b3 Rbd8 18. Rae1 f6 19. Nh2 Kh8 20. Re2 Ng5 21. Qe1 Qd7 22. Ref2 Nf7 23. Nb1 Ne5 24. Bf4 Qb7 25. Bxe5 fxe5 26. Rxf8+ Rxf8 27. Rxf8+ Bxf8 28. Ng4 Bg7 29. Nd2 h5 30. Qh4 Kg8 31. Nh2 Qb4 32. Ndf3 Kf7 33. Ng5+ Ke8 34. Qf2 Bf6 35. Nhf3 Bc8 36. Nh7 Qa3 37. Qg3 Qc1+ 38. Kh2 Qf4 39. Qxf4 exf4 40. e5 Bg7 41. Nhg5 Bf5 42. a4 e6 43. g3 fxg3+ 44. Kxg3 Kd7 45. Kf4 Bh6 46. Kg3 Kc7 47. Nf7 Bf8 48. h4 Kb6 49. N3g5 Be7 50. Nd6 Kc7 51. Nc4 Bxg5 52. hxg5 Bg4 53. Nd6 Bd1 54. Ne4 Kb6 55. Nf6 c4 56. Nd7+ Kc7 57. Nf8 Bxc2 58. Nxe6+ Kd7 59. Nc5+ Ke7 60. bxc4 Bd1 61. a5 Bg4 62. Kh4 Bf5 63. Kg3 1/2-1/2

[Event "Asian-ch Indonesia B2 B3"]
[Site "Cempaka Putih"]
[Date "2018.10.08"]
[Round "3.5"]
[White "Peligro, Israel"]
[Black "Bagheri, Majid"]
[Result "0-1"]
[WhiteElo "1527"]
[BlackElo "1839"]
[PlyCount "72"]
[EventDate "2018.10.07"]
[EventType "swiss"]
[EventRounds "7"]
[EventCountry "INA"]
[SourceTitle "EXT 2024"]
[Source "ChessBase"]
[SourceDate "2023.10.10"]
[SourceVersion "1"]
[SourceVersionDate "2023.10.10"]
[SourceQuality "1"]

1. e4 c6 2. Nc3 d5 3. Nf3 Bg4 4. h3 Bxf3 5. Qxf3 d4 6. Ne2 e5 7. Qb3 Qb6 8. Ng3 Nd7 9. Bc4 Qxb3 10. Bxb3 a5 11. a3 h5 12. h4 Ngf6 13. d3 a4 14. Ba2 g6 15. 0-0 Be7 16. f4 Ng4 17. fxe5 Ndxe5 18. Bf4 Bxh4 19. Ne2 Rd8 20. g3 Be7 21. Bxe5 Nxe5 22. Rf2 0-0 23. Raf1 Kg7 24. Kg2 Bg5 25. c3 Be3 26. cxd4 Bxf2 27. dxe5 Bd4 28. e6 fxe6 29. Nf4 Kh6 30. g4 e5 31. g5+ Kh7 32. Ne6 Rxf1 33. Kxf1 Ra8 34. Nxd4 exd4 35. e5 Ra5 36. e6 Rxg5 0-1

[Event "Asian-ch Indonesia B2 B3"]
[Site "Cempaka Putih"]
[Date "2018.10.08"]
[Round "4.6"]
[White "Peligro, Israel"]
[Black "Soundarya, Kumar Pradhan"]
[Result "1/2-1/2"]
[WhiteElo "1527"]
[BlackElo "1881"]
[PlyCount "127"]
[EventDate "2018.10.07"]
[EventType "swiss"]
[EventRounds "7"]
[EventCountry "INA"]
[SourceTitle "EXT 2024"]
[Source "ChessBase"]
[SourceDate "2023.10.10"]
[SourceVersion "1"]
[SourceVersionDate "2023.10.10"]
[SourceQuality "1"]

1. e4 e6 2. d4 d5 3. Nd2 Nf6 4. e5 Nfd7 5. Bd3 c5 6. c3 Nc6 7. Ngf3 Qb6 8. 0-0 cxd4 9. cxd4 Nxd4 10. Nxd4 Qxd4 11. Nf3 Qb6 12. Qa4 Be7 13. Qg4 Kf8 14. Rb1 Qb4 15. Qh5 h6 16. Bd2 Qb6 17. Rbc1 Qd8 18. Rc3 Bb4 19. Rxc8 Rxc8 20. Bxb4+ Kg8 21. Bd2 Nc5 22. Bb1 Ne4 23. Be3 g6 24. Qh3 Kg7 25. Rd1 Qc7 26. g3 b6 27. Nd2 Nxd2 28. Bxd2 Qc4 29. Bc3 Qe2 30. Re1 Qc4 31. Qf1 Qxf1+ 32. Kxf1 Rc7 33. Bd3 a5 34. Bd4 Rb8 35. a4 Rc6 36. Ke2 Rcc8 37. Kd2 Rc7 38. Rc1 Rxc1 39. Kxc1 Kh7 40. b4 Kg7 41. Kb2 Kf8 42. Kb3 Ke7 43. Bb5 Kd8 44. Bc3 axb4 45. Kxb4 Kc7 46. Bd4 Kb7 47. h4 Rc8 48. Bd3 h5 49. Kb5 Rc1 50. Kb4 Rc8 51. Be3 Rc7 52. f3 Rc8 53. g4 Rh8 54. Bg5 Rc8 55. Be3 Rh8 56. g5 Rc8 57. f4 Rc7 58. Kb3 Rc8 59. Kb4 Rc7 60. Kb3 Rc6 61. Bb5 Rc8 62. Bd3 Rc7 63. Kb4 Rc6 64. Kb3 1/2-1/2

[Event "Olongapo City Puregold op-B"]
[Site "Olongapo City"]
[Date "2015.11.17"]
[Round "2"]
[White "Peligro, Israel"]
[Black "Florendo, Joey Albert"]
[Result "0-1"]
[WhiteElo "1766"]
[BlackElo "2086"]
[PlyCount "100"]
[EventDate "2015.11.17"]
[EventType "swiss"]
[EventRounds "9"]
[EventCountry "PHI"]
[SourceTitle "EXT 2017"]
[Source "ChessBase"]
[SourceDate "2016.10.25"]
[SourceVersion "1"]
[SourceVersionDate "2016.10.25"]
[SourceQuality "1"]

1. e4 c6 2. Nc3 d5 3. Nf3 Bg4 4. exd5 cxd5 5. d4 Nc6 6. Bb5 Nf6 7. h3 Bxf3 8. Qxf3 e6 9. Bf4 Bd6 10. 0-0 0-0 11. Bxc6 bxc6 12. Ne2 Ne4 13. Rfd1 f5 14. Bxd6 Qxd6 15. Nf4 Rf6 16. Nd3 g5 17. Ne5 Kg7 18. Rd3 c5 19. Rb3 Qc7 20. c3 c4 21. Rb4 Rff8 22. Qh5 Rf6 23. f3 Rh6 24. Qf7+ Qxf7 25. Nxf7 Kxf7 26. fxe4 fxe4 27. Rb7+ Kg8 28. Rf1 Rf8 29. Rxf8+ Kxf8 30. Kf2 Rf6+ 31. Ke2 Rf7 32. Rb8+ Kg7 33. Re8 Kf6 34. b4 cxb3 35. axb3 Rb7 36. Rf8+ Kg7 37. Ra8 Rxb3 38. Rxa7+ Kg6 39. Re7 Kf6 40. Rxh7 Rxc3 41. g4 Rd3 42. Rh6+ Kf7 43. h4 gxh4 44. Rxh4 Rxd4 45. Rh6 Rd3 46. g5 Rg3 47. Rf6+ Ke7 48. Rg6 d4 49. Rg7+ Kd6 50. Rg8 Ke5 0-1